L.S. Abbott papers, (Record no. 43014)
[ view plain ]
| 000 -LEADER | |
|---|---|
| fixed length control field | 00992cpcaa2200277 4500 |
| 001 - CONTROL NUMBER | |
| control field | mm 81010066 |
| 003 - CONTROL NUMBER IDENTIFIER | |
| control field | DLC |
| 005 - DATE AND TIME OF LATEST TRANSACTION | |
| control field | 20260227111706.0 |
| 008 - FIXED-LENGTH DATA ELEMENTS--GENERAL INFORMATION | |
| fixed length control field | 810423|||||||||||| eng |
| 010 ## - LIBRARY OF CONGRESS CONTROL NUMBER | |
| LC control number | mm 81010066 |
| 040 ## - CATALOGING SOURCE | |
| Original cataloging agency | DLC |
| Description conventions | dacs |
| Transcribing agency | DLC |
| Modifying agency | DLC |
| 072 #7 - SUBJECT CATEGORY CODE | |
| Subject category code | W |
| Source | lcmd |
| 100 1# - MAIN ENTRY--PERSONAL NAME | |
| Personal name | Abbott, L. S. |
| 245 00 - TITLE STATEMENT | |
| Title | L.S. Abbott papers, |
| Inclusive dates | 1854-1894. |
| 300 ## - PHYSICAL DESCRIPTION | |
| Extent | 15 |
| Type of unit | items. |
| 300 ## - PHYSICAL DESCRIPTION | |
| Extent | 1 |
| Type of unit | container plus |
| Extent | 1 |
| Type of unit | oversize. |
| 506 0# - RESTRICTIONS ON ACCESS NOTE | |
| Terms governing access | Open to research. |
| 520 8# - SUMMARY, ETC. | |
| Summary, etc. | Account book and other material. Correspondents include J.O. Converse and Benjamin Hammond. |
| 545 0# - BIOGRAPHICAL OR HISTORICAL DATA | |
| Biographical or historical data | Resident of Falls Church, Va. |
| 546 ## - LANGUAGE NOTE | |
| Language note | Collection material in English. |
| 600 10 - SUBJECT ADDED ENTRY--PERSONAL NAME | |
| Personal name | Converse, Julius Orrin, |
| Dates associated with a name | 1834- |
| Form subdivision | Correspondence. |
| 651 #0 - SUBJECT ADDED ENTRY--GEOGRAPHIC NAME | |
| Geographic name | Falls Church (Va.) |
| General subdivision | History. |
| 600 14 - SUBJECT ADDED ENTRY--PERSONAL NAME | |
| Personal name | Hammond, Benjamin |
| Form subdivision | Correspondence. |
No items available.